Interpreting the Parables (Record no. 9832)

MARC details
000 -LEADER
fixed length control field 00654nam a2200253 a 4500
020 ## - INTERNATIONAL STANDARD BOOK NUMBER
ISBN 0830817
082 00 - DEWEY DECIMAL CLASSIFICATION NUMBER
Classification number 226.8
Author Cutter BLO
100 ## - MAIN ENTRY--AUTHOR NAME
Author name Blomberg, Craig L
245 ## - TITLE STATEMENT
Title Interpreting the Parables
260 ## - PUBLICATION, DISTRIBUTION, ETC. (IMPRINT)
Place of publication Leicester
Name of publisher Inter Varsity Press
Year of publication 1990
300 ## - PHYSICAL DESCRIPTION
Number of Pages 333p
500 ## - GENERAL NOTE
General note includes index and biblioraphy
505 2# - FORMATTED CONTENTS NOTE
Formatted contents note Gospel, Reference Index.
650 ## - SUBJECT ADDED ENTRY--TOPICAL TERM
Topical Term Jesus Christ-Parables
650 ## - SUBJECT ADDED ENTRY--TOPICAL TERM
Topical Term Bible N.T. Parables
942 ## - ADDED ENTRY ELEMENTS (KOHA)
Koha item type Books
700 1# -
-- Blomberg, Craig L
Holdings
Collection code Home library Current library Date acquired Cost, normal purchase price Full call number Accession Number Koha item type
  Henry Martyn Institute Library Henry Martyn Institute Library 10/30/2007 748.00 226.8 BLO 019621 Books
                   Copyright © 2026 | Henry Martyn Institute | Hyderabad | TS-500052 | INDIA | Implemented by hmi.edu.in
Hit-Count:

Powered by Koha